Statistics for Toronto Pearson International Airport Destinations (Toronto, Canada)

Click here to take the quiz!

General Stats

  • This quiz has been taken 48 times
    (19 since last reset)
  • The average score is 141 of 197

Answer Stats

AirlineDestination% Correct
Air Canada/Air Transat/KLMAmsterdam
100%
Air Canada/Air Canada Express/Delta Air LinesAtlanta
100%
Air Canada/Air Canada ExpressAustin
100%
Air Canada/Air Canada Express/American Eagle/United Airlines/United ExpressChicago (O'Hare)
100%
Air Canada/Scandinavian AirlinesCopenhagen
100%
Air Canada/American Airlines/American EagleDallas/Fort Worth
100%
Air Canada/Air IndiaDelhi
100%
Air Canada/United AirlinesDenver
100%
Aer Lingus/Air Canada/Air Transat/WestJetDublin
100%
Air Canada/Condor/LufthansaFrankfurt
100%
Air Canada/Canada Jetlines/Flair Airlines/Lynx Air/Porter Airlines/WestJetHalifax
100%
Aeromexico/Air CanadaMexico City
100%
Air Canada/American Airlines/Porter Airlines/Sunwings AirlinesMiami
100%
Air Canada/NeosMilan (Malpensa)
100%
Air Canada Express/Delta Connection/Sun Country AirlinesMinneapolis/St. Paul
100%
Air Canada/Air Canada Express/Air Transat/Flair Airlines/Porter Airlines/WestJetMontreal (Trudeau)
100%
Air Canada Express/United ExpressNewark
100%
Air Canada Express/American Eagle/Delta Connection/Flair AirlinesNew York (JFK)
100%
Air Canada/Air Canada Express/American Eagle/Delta Connection/WestJetNew York (LaGuardia)
100%
Air Canada/Air Transat/ITA AirwaysRome (Fiumicino)
100%
Air CanadaSan Diego
100%
Air Canada/Porter Airlines/United AirlinesSan Francisco
100%
Air Canada/Alaska AirlinesSeattle/Tacoma
100%
China Eastern AirlinesShanghai (Pudong)
100%
Air Canada/Scandinavian AirlinesStockholm (Arlanda)
100%
Air Canada/Air Transat/Flair Airlines/Lynx Air/Porter Airlines/Sunwings Airlines/WestJetVancouver
100%
LOT Polish AirlinesWarsaw (Chopin)
100%
Etihad AirwaysAbu Dhabi
91%
Ethiopian AirlinesAddis Ababa
91%
Royal JordanianAmman (Queen Alia)
91%
Air Canada/Air TransatBarcelona
91%
Air Canada/AviancaBogota
91%
Air CanadaBrussels
91%
Air CanadaBuenos Aires (Ezeiza)
91%
EgyptairCairo
91%
Air Canada/Air Transat/Canada Jetlines/Flair Airlines/Lynx Air/Sunwing Airlines/WestJetCancun
91%
Air Canada Express/Delta ConnectionDetroit
91%
Air Canada/EmiratesDubai (International)
91%
Air Canada/Cathay PacificHong Kong
91%
Air Canada/Air Canada Express/United Airlines/United ExpressHouston (Intercontinental)
91%
Air TransatLima
91%
Air Canada/Air Transat/TAP Air PortugalLisbon
91%
Air TransatLondon (Gatwick)
91%
Air Canada/British AirwaysLondon (Heathrow)
91%
Air Canada ExpressLondon (ON)
91%
Air Canada/Lynx Air/Porter Airlines/WestJetLos Angeles
91%
Air CanadaMadrid
91%
Philippine AirlinesManila
91%
Air CanadaMumbai
91%
Air Canada/LufthansaMunich
91%
Air CanadaNew Orleans
91%
Air Canada/Air Canada Rouge/Air Transat/Canada Jetlines/Lynx Air/Porter Airlines/Sunwing Airlines/WestJetOrlando
91%
Flair AirlinesOrlando/Sanford
91%
Air Canada/Air France/Air TransatParis (Charles de Gaulle)
91%
Air Canada Express/American EaglePhiladelphia
91%
Air Canada/IcelandairReykjavik
91%
Air Canada Express/Air Canada Rouge/Flair AirlinesSaint John (NB)
91%
Air Canada/Air Transat/Avianca El SalvadorSan Jose de Costa Rica (Juan Santamaria)
91%
Air Canada Rouge/Sunwing AirlinesSan Jose del Cabo
91%
EVA AirTaipei (Taoyuan)
91%
Air Canada Rouge/Lynx Air/Porter Airlines/WestJetTampa
91%
Air CanadaTokyo (Haneda)
91%
Air CanadaTokyo (Narita)
91%
Air CanadaVienna
91%
Air Canada Express/United ExpressWashington (Dulles)
91%
Air Canada Express/American EagleWashington (National)
91%
Air Canada/Swiss International Air LinesZurich
91%
Air Canada/Air Canada ExpressBoston
82%
Air Canada/Air Transat/Flair Airlines/Lynx Air/Porter Airlines/WestJetCalgary
82%
Air Canada Express/American EagleCharlotte
82%
Air Canada ExpressCincinnati
82%
Air Canada/WestJetEdinburgh
82%
Air Canada/Flair Airlines/Lynx Air/Porter Airlines/WestJetEdmonton
82%
Air CanadaHonolulu
82%
Turkish AirlinesIstanbul
82%
Air Canada ExpressKansas City
82%
Air Canada/Air Canada Rouge/Caribbean Airlines/Flair Airlines/WestJetKingston (Norman Manley)
82%
Air Canada/Air TransatManchester (UK)
82%
Air Canada/Porter Airlines/WestJetOttawa
82%
Air Canada Rouge/Flair AirlinesPalm Springs
82%
Air Canada/Air Canada Rouge/Copa AirlinesPanama City (Tocumen)
82%
Air Canada/Air Canada RougePhoenix (Sky Harbor)
82%
Air Transat/Azores AirlinesPorto
82%
Air Canada Rouge/Flair Airlines/Porter AirlinesQuebec City
82%
Avianca El SalvadorSan Salvador
82%
Air CanadaSantiago de Chile
82%
Air CanadaSao Paulo (Guarulhos)
82%
Air Canada/Korean AirSeoul (Incheon)
82%
Air CanadaWest Palm Beach
82%
Air Canada/Flair Airlines/Lynx Air/Porter Airlines/WestJetWinnipeg
82%
Air Canada Rouge/Sunwing Airlines/WestJetAruba
73%
Air Canada/Air TransatAthens
73%
Air Canada ExpressBaltimore
73%
Air Canada/WestJetBarbados
73%
Air Canada ExpressCleveland
73%
Air Canada ExpressColumbus (Glenn)
73%
Azores AirlinesFunchal
73%
China Southern AirlinesGuangzhou
73%
Pakistan International AirlinesIslamabad
73%
Pakistan International AirlinesKarachi
73%
Pakistan International AirlinesLahore
73%
Air Canada/Air Canada Rouge/Canada Jetlines/Flair Airlines/Porter Airlines/WestJetLas Vegas
73%
Air Canada Rouge/Air Transat/Canada Jetlines/Sunwing Airlines/WestJetMontego Bay
73%
Air CanadaMonterrey
73%
Air Canada/Air Canada Express/Flair Airlines/WestJetNashville
73%
Air Canada/WestJetNassau
73%
Air Canada RougePortland (OR)
73%
Air Canada ExpressRaleigh/Durham
73%
ArajetSanto Domingo (Las Americas)
73%
Air Canada ExpressSt. Louis
73%
Air CanadaTel Aviv
73%
Air Canada/Air TransatVenice
73%
Air Canada Rouge/Flair Airlines/Porter Airlines/WestJetVictoria
73%
Air NorthWhitehorse
73%
Air Canada/Air Canada Rouge/Air NorthYellowknife
73%
Air TransatZagreb
73%
Air Canada Rouge/Sunwing Airlines/WestJetAntigua
64%
Air Canada Rouge/WestJetBelize City
64%
Air Canada/Air Canada Rouge/WestJetCuracao
64%
Biman Bangladesh AirlinesDhaka
64%
Air Canada/Air Canada Rouge/Air Transat/Flair Airlines/Porter Airlines/WestJetFort Lauderdale
64%
Air CanadaGeorge Town
64%
Canada Jetlines/Caribbean AirlinesGeorgetown (Cheddi Jagan)
64%
Air CanadaGrenada
64%
Air Canada ExpressIndianapolis
64%
Air CanadaKahului
64%
Air Canada/Air Transat/Sunwing Airlines/WestJetLiberia (CR)
64%
Air CanadaOsaka (Kansai)
64%
Air Canada ExpressPittsburgh
64%
Azores AirlinesPonta Delgada
64%
Air Canada/Air Canada Rouge/Air Transat/Flair Airlines/Sunwing Airlines/WestJetPunta Cana
64%
Air Canada Rouge/WestJetRegina
64%
Air Canada/Delta Air LinesSalt Lake City
64%
Air Canada Rouge/Air Transat/WestJetSan Juan
64%
Air Canada RougeSarasota
64%
Air Canada Rouge/Flair Airlines/Porter Airlines/WestJetSaskatoon
64%
Air Canada RougeSt. Kitts
64%
Air CanadaSt. Vincent (Argyle)
64%
Air Canada ExpressSydney (NS)
64%
Azores AirlinesTerceira
64%
Air Canada Express/Air Canada Rouge/Flair Airlines/WestJet EncoreThunder Bay
64%
Air Canada ExpressWindsor
64%
Sunwing AirlinesAcapulco
55%
Air Canada Rouge/WestJetBermuda
55%
Air TransatCartagena
55%
Air Canada ExpressCharleston (SC)
55%
Air Canada Rouge/Lynx Air/Porter Airlines/WestJetFort Myers
55%
Air TransatGlasgow
55%
Air Canada Rouge/Air Transat/OWG/Sunwing Airlines/WestJetHolguin
55%
SaudiaJeddah
55%
Air Canada Rouge/Flair Airlines/WestJetKelowna
55%
WestJetMerida
55%
Air Canada/Caribbean AirlinesPort of Spain
55%
Air Canada Rouge/Air Transat/Sunwing Airlines/WestJetPuerto Plata
55%
Air Canada/Air Transat/Flair Airlines/Sunwing Airlines/WestJetPuerto Vallarta
55%
Air CanadaSacramento
55%
Air Canada Rouge/Sunwing Airlines/WestJetSt. Lucia (Hewanorra)
55%
Air Canada/Air Transat/Sunwing Airlines/WestJetSt. Maarten
55%
Air Canada RougeTulum
55%
Air Canada Rouge/Air Transat/OWG/Sunwing Airlines/WestJetVaradero
55%
Flair AirlinesAbbotsford
45%
Air Canada Rouge/Air Transat/OWG/Sunwing Airlines/WestJetCayo Coco
45%
Air TransatFaro
45%
Sunwing AirlinesFreeport
45%
Air Canada Express/Sunwing AirlinesGander
45%
Air Canada Rouge/WestJetGrand Cayman
45%
Air Canada ExpressHartford
45%
Sunwing AirlinesManzanillo (Cuba)
45%
Sunwing AirlinesMazatlan
45%
Air Canada/Air Canada Rouge/WestJetMoncton
45%
Sunwing Airlines/WestJetRoatan
45%
Air Canada Rouge/Air Transat/OWG/Sunwing AirlinesSanta Clara
45%
Air Canada/Flair Airlines/Porter Airlines/Sunwing Airlines/WestJetSt. John's (NL)
45%
Air Canada ExpressSudbury
45%
Air Canada ExpressTimmins
45%
WestJetBonaire
36%
Sunwing AirlinesCayo Largo del Sur
36%
Air Canada Rouge/WestJetCozumel
36%
Air CanadaFort-de-France
36%
Air Canada/Air Canada RougeFredericton
36%
Air Canada Rouge/WestJetHuatulco
36%
Air Canada RougeIxtapa/Zihuatanejo
36%
Air TransatLamezia Terme
36%
Air Transat/Sunwing AirlinesLa Romana
36%
Air Canada/WestJetProvidenciales
36%
Air Canada ExpressSault Ste. Marie (ON)
36%
Air Canada Express/Flair Airlines/WestJetCharlottetown
27%
Air Canada Rouge/Flair Airlines/WestJetDeer Lake
27%
Air Canada RougeFort McMurray
27%
Air Canada/Air Canada RougeNanaimo
27%
Air Canada Rouge/Air Transat/WestJetSamana
27%
Sunwing AirlinesCienfuegos
18%
Air Transat/Sunwing AirlinesRio Hato
18%
WestJetComox
9%
Air Canada ExpressMont Tremblant
9%
Air Canada ExpressNorth Bay
9%

Score Distribution

Percentile by Number Answered

Percent of People with Each Score

Your Score History

You have not taken this quiz since the last reset